000 00569nam a2200205Ia 4500
003 GCL
008 140319s9999 xx 000 0 ara d
040 _aGCL /
_cGCL
082 0 4 _a928.1
_bس ش
100 1 _aسامى الدهان
245 1 0 _aشاعر الشعب /
_cسامى الدهان
300 _a126 ص
490 _aاقرأ
_v0
650 0 4 _aالادب العربى
650 0 4 _aالعصر الحديث
650 0 4 _aالشعر العربى - تاريخ ونقد
650 0 4 _aالادباء
650 0 4 _aحافظ ابراهيم
942 _2ddc
_cBK
999 _c46955
_d46955